| 000 | 00348nam a2200145Ia 4500 | ||
|---|---|---|---|
| 008 | 150201s2012 xx 000 0 und d | ||
| 082 |
_a612 _bP12J |
||
| 100 | _aJOSHI, V.D. | ||
| 245 | _aPHYSIOLOGY : PREP MANUAL OF UG | ||
| 250 | _a4TH | ||
| 260 |
_bELSEVIER _aINDIA _c2012 |
||
| 300 | _a1-678 | ||
| 650 | _aHUMAN PHYSIOLOGY | ||
| 942 |
_2ddc _cBK _016 |
||
| 999 |
_c1382 _d1382 |
||